| 000 | 00335nam a2200133 a 4500 | ||
|---|---|---|---|
| 003 | SISC | ||
| 005 | 20190708075131.0 | ||
| 008 | 120308s19uu xx 00 eng d | ||
| 050 |
_aCD _bD51 2003 |
||
| 100 | _aDewit, Susan | ||
| 245 |
_aVirtual clinical excursions : _bfundamental and concepts / |
||
| 260 | _c2003. | ||
| 942 |
_cAVM _2lcc |
||
| 999 |
_c276391 _d276391 |
||